01671nam a22002057a 4500003001000000005001700010008004100027015001200068020002200080040003400102044001300136080002000149100004400169245003600213260003800249300002100287520109400308650003101402655003201433AR-RoUNCS20260204150725.0100201s2008 ag gr 000 f spa  aAR-2008 a978-987-04-0988-5 aAR-BaBNbspacAR-RoUNCSeaacr aagcar-c1 a82-31(72)220161 aFuentes, Carlos,d1928-2012eautor4aut10aGringo viejo /cCarlos Fuentes. aBuenos Aires :bAlfaguara,c2008. a229 p. ;c24 cm.3 aEsta obra nos transporta a uno de los momentos más convulsos pero también más fascinantes de la historia de México: los años de la Revolución. Allí fue a parar un personaje real, Ambrose Bierce, en el que está inspirado el protagonista de la novela. Bierce, ex-militar, escritor y periodista, era ya un anciano cuando cruzó la frontera en el año 1913 para ir al encuentro del ejército de Pancho Villa. Jamás se volvió a saber nada más de él. A partir de este punto arranca la ficción, narrada de forma maravillosa por Carlos Fuentes. El gringo viejo se encuentra con un país devastado por la pobreza y la violencia. La guerra ha destruido prácticamente todo. En la vieja hacienda de los Miranda (que han huido a Europa) se topa con los otros dos personajes principales de la historia: el general Arroyo, un brutal jefe revolucionario de personalidad compleja, y Harriet, una estadounidense contratada como profesora de inglés de los hijos de los Miranda, obstinada en permanecer allí y cumplir con su obligación aún a riesgo de perder la vida. 72embneaLiteratura mexicana 7aNovelas históricas2embne